| 000 | 00593nam a22001817a 4500 | ||
|---|---|---|---|
| 999 |
_c193409 _d193409 |
||
| 005 | 20221028112621.0 | ||
| 010 | _aENG-135569 | ||
| 020 |
_a9789353513672 _c310.00 |
||
| 035 | _aEN-119101 | ||
| 037 | _bDBAD/PUB | ||
| 082 | _a920 | ||
| 100 | _aSarkar, Dilip Kumar | ||
| 245 |
_aNobel prize for physics / _cby Dilip Kumar Sarkar |
||
| 260 |
_aKolkata _b Dilip Kumar Sarkar _c2019 |
||
| 270 |
_aC-4/2 "Triparna" 39A , Gobinda Auddy Road Chetla _bKolkata _e700027 _k033-24795663 _mdilipsar@gmail.com |
||
| 300 |
_a194p. _c22cm(pbk) _bBibliography |
||
| 942 |
_2ddc _cEN _mSAR _h920 |
||